Tutor for understanding the miraculious Quran (Record no. 33485)
[ view plain ]
| 000 -LEADER | |
|---|---|
| fixed length control field | 00629nam a2200145Ia 4500 |
| 008 - FIXED-LENGTH DATA ELEMENTS--GENERAL INFORMATION | |
| fixed length control field | 260210s9999 xx 000 0 und d |
| 024 ## - OTHER STANDARD IDENTIFIER | |
| Standard number or code | 19B-107-SE, 19B-121-SE, 19B-106-SE, 19B-085-SE & 19B-100-SE |
| 100 ## - MAIN ENTRY--PERSONAL NAME | |
| Personal name | Muhammad Adeel Siddiqui, Abdul Muteeb Shera, Muhammad Bilal, M Ibtesam Hussain & Samiullah |
| 110 ## - MAIN ENTRY--CORPORATE NAME | |
| Corporate name or jurisdiction name as entry element | Usman Waheed |
| 245 #0 - TITLE STATEMENT | |
| Title | Tutor for understanding the miraculious Quran |
| 260 ## - PUBLICATION, DISTRIBUTION, ETC. | |
| Place of publication, distribution, etc. | Karachi: |
| Name of publisher, distributor, etc. | UITU, |
| Date of publication, distribution, etc. | 2019 |
| 600 ## - SUBJECT ADDED ENTRY--PERSONAL NAME | |
| Personal name | Software engineering |
| 650 ## - SUBJECT ADDED ENTRY--TOPICAL TERM | |
| Topical term or geographic name entry element | Bachelor of Engineering (BE) |
| 856 ## - ELECTRONIC LOCATION AND ACCESS | |
| Uniform Resource Identifier | <a href="https://drive.google.com/file/d/1-XRE4tsOmYRhe9BrGV2-Awebc95H-8W8/view?usp=sharing">https://drive.google.com/file/d/1-XRE4tsOmYRhe9BrGV2-Awebc95H-8W8/view?usp=sharing</a> |
| Link text | Click here for PDF |
No items available.

